Представление документа в формате RUSMARC

ПолеНазваниеЗначение
  Тип записи a
  Библиографический уровень a
001 Контрольный номер UONB/MAIN/6b33115c3d814028b9cb624d5377cb92
005 Дата корректировки 20260403155658.2
100 Данные общей обработки __
a Данные общей обработки 20260403 ||| 0rusy0189 ca
101 Язык документа 0_
a Язык текста rus
102 Страна публикации __
a Страна публикации RU
200 Заглавие и сведения об ответственности 1_
a Заглавие Жизнь, вместившая подвиг
e Сведения, относящиеся к заглавию Олег Ефремов посмертно награжден орденом Мужества
f Первые сведения об ответственности В. Елисеев
203 Вид содержания и тип средства __
a Вид содержания Текст
b Характеристика содержания визуальный
c Тип средства непосредственный
215 Физическое описание __
c Иллюстрации/тип воспроизводства ил., фот.
330 Аннотация __
a Аннотация О. В. Ефремов из Чердаклинского района - кавалер ордена Мужества, героически погибший на СВО.
461 Уровень набора _0
1 2000
a Приволжская правда
463 Уровень физической единицы _0
1 2000
a № 10 (12047) (11 марта)
v С. 3, 4
1 2101
d 2026
1 001UONB/MAIN/05b252cd525149bea9c054bc9cf4f08c
600 Персоналии _1
a Персоналии (Фамилия) Ефремов
b Персоналии (Имя, инициалы) О. В.
g Полное имя Олег Викторович
607 Географические рубрики __
a Географическое наименование Новый Белый Яр, село (Чердаклинский район ; Ульяновская область)
610 Ключевые слова 0_
a Ключевые слова участники СВО; кавалеры ордена Мужества; погибшие при исполнении воинского долга
686 Индексы других классификаций __
a Классификационный индекс 68.42
700 Автор _1
a Фамилия Елисеев
b Имя (инициалы) В.
g Полное личное имя Виктор
801 Источник записи _0
a Страна RU
b Организация Ульяновская ОНБ
c Дата составления 20260403
g Правила каталогизации RCR
801 Источник записи _1
a Страна RU
b Организация Ульяновская ОНБ
c Дата составления 20260403
g Правила каталогизации RCR
901 Тип документа __
t Тип документа f
w Контрольный № источника UONB/MAIN/05b252cd525149bea9c054bc9cf4f08c
909 Создатель записи __
a Создатель записи Кулагина
b Дата создания записи 20260403